000 00918nam a2200241 a 4500
001 40205
003 BD-RjUL
005 20211209053148.0
008 160424s1974 ii ||||| |||| 00| 0 ben d
020 _c: IRs.20.00
035 _a(BD-RjUL)40320
040 _aBD-RjUL
_bben
_cBD-RjUL
041 _aben
082 _223
_a954.14
_bSEB 1974
100 _aসেন, সুকুমার
_9123812
245 _aবঙ্গ ভূমিকা :
_bখ্রীস্টপূর্ব ৩০০-১২৫০ খ্রীস্টপর /
_cসুকুমার সেন
260 _aকলিকাতা :
_bইস্টার্ন পাবলিশার্স,
_c১৯৭৪
300 _a৩৪৩ পৃ. ;
_c২১ সেমি.
500 _aনির্ঘন্ট
650 _aভারত (বাংলা)
_9123813
_xইতিহাস
650 _aIndia (Bengal)
_xHistory
_9123814
942 _2ddc
_cBK
999 _c40205
_d40205